Villes de France en K (difficile) - Statistiques

Statistiques générales
  • Ce quiz a été pris 29 fois
    23 depuis la dernière actualisation
  • Le résultat moyen est 3 sur 8
Statistiques - réponses
Hint Réponse % Correct
Cette commune de la petite couronne donne sur la Porte d'Italie (Le ___) Le Kremlin-Bicêtre
84%
Ce n'est certes qu'un quartier de la grande ville alsacienne, mais il y a assez peu de villes en K ainsi, et il vit presque indépendamment. L'année 1664 l'évoque immanquablement. Kronenbourg
53%
Tout petit village de la Meuse, mais son nom est si charmant qu'on ne pouvait le passer sous silence. L'organe de l'amour, écrit étrangement. Kœur-la-Grande
47%
Sa jumelle qui, contrairement à ce que son nom indique, est la plus grande des deux en population. Kœur-la-Petite
37%
Petite ville viticole séduisante de l'Alsace. Littéralement « Le mont de l'empereur » Kaysersberg
32%
Banlieue peu séduisante de Mulhouse. Kingersheim
21%
Sur la côte rocheuse du pays pagan, dans le Finistère. Son passage est craint par les navigateurs. Kerlouan
11%
Cette ville mouillée par le Blavet abrite le dolmen Er Tri Men Kervignac
11%
Aucun quiz correspondant
Distribution des résultats
% des personnes avec chaque résultat
Percentile par nombre de réponses
Votre historique - résultats
Vous n’avez pas pris ce quiz depuis la dernière actualisation